000 00697nam a2200253Ia 4500
003 OSt
005 20220918215900.0
006 a|||||r|||| 00| 0
007 ta
008 220917b |||||||| |||| 00| 0 eng d
024 _a143,184
037 _cTextual
040 _aARTS
_cARTS
_beng
041 _2eng
_aeng
082 _aY15:4(S5).73, L9
100 _aWolf Deborah Goleman
_9135681
245 0 _aLesbian community
260 _aBerkeley
_bUniversity of California Press
_c1979
300 _ax, 196p. illus
_ccm.
500 _aBibliography p177-189
650 _aSOCIOLOGY
942 _hY15:4(S5).73, L9
_cTEXL
_2CC
999 _c266137
_d266137